000 00474nam a22001817a 4500
005 20240701083558.0
008 240701b |||||||| |||| 00| 0 eng d
020 _a0-07-287187-3
082 _a330
_bGUE-I
100 _aGuell, Robert.C
245 _aIssues in Economics Today/
_cRobert C . Guell
250 _a2nd ed.
260 _aUSA;
_bMcGraw-Hill;
_c2005
300 _axxi, 426 p.:
_bill;
_c25 cm.
500 _aInclude index.
650 _aEconomics
999 _c35986
_d35986